000 00682nam a2200205Ii 4500
003 JO-AjNU
008 230605s9999||||xx |||||||||||||| ||und||
040 _aJO-AjNU
_bara
_erda
_cJO-AjNU
041 _aara
050 1 4 _aPJ6131.S2536 2005
100 3 _aالسامرائي، فاضل صالح,
_eauthor
_99688
245 0 0 _aمعاني الأبنية العربية
250 _aط1
264 3 1 _aعمان: دار عمار للنشر والتوزيع، 2005
300 _a167ص
336 _atext
_btxt
_2rdacontent
337 _aunmediated
_bn
_2rdamedia
338 _avolume
_bnc
_2rdacarrier
650 4 _aاللغة العربية ألفاظ-الدلالة اللفظية
_99689
999 _aA1428
_c4996
_d4996